000 00864nam a22002057a 4500
005 20250724143643.0
010 _aHIN-129981
020 _a9788197828119
_c590.00
035 _aHN-102327
037 _bDBAD
082 _a820.8
100 _aबुधोलिया हरिमोहन
_983293
245 _aभारतीय भाषओं में हनुमत् काव्य परम्परा/
_cहरिमोहन बुधोलिया
250 _aप्रथम
260 _aशिमला
_bभारतीय उच्च अध्ययन संस्थान
270 _aराष्ट्रपति निवास , शिमला
_bशिमला
_e171005
300 _a194पृ.
_c21.7 सेमी (सजिल्द )
700 _983257
942 _2ddc
_cHN
_h820.8
_mबुधोलि
999 _c212573
_d212573